000 00450nam a2200181Ia 4500
008 230524s9999 xx 000 0 und d
020 _a0195686152
082 _a537
_bDOB
100 _aDavid A.Dubofsky
245 0 _aDerivatives: Valuation and Risk Management
250 _a2ND
260 _aNEW DELHI
_bOxford
_c2009
300 _aXX;634
500 _aQuantity Number: 5
650 _aManagement
700 _a Thomas W.Miller
942 _cBK
999 _c45921
_d45921